Normal view
MARC view
Entry Geographic Name
001 - CONTROL NUMBER
- control field: 31275
003 - CONTROL NUMBER IDENTIFIER
- control field: ARRUPE
005 - DATE AND TIME OF LATEST TRANSACTION
- control field: 20170529104545.0
008 - FIXED-LENGTH DATA ELEMENTS
- fixed length control field: 170529|| aca||aabn | a|a d
040 ## - CATALOGING SOURCE
- Original cataloging agency: ARRUPE
- Transcribing agency: ARRUPE
151 ## - HEADING--GEOGRAPHIC NAME
- Geographic name: Somalia
- General subdivision: Politics and government.
670 ## - SOURCE DATA FOUND
- Source citation: Work cat.: (ARRUPE)42674: Zartman, I. William. 31272, Government and politics in northern Africa., [1963]